01117nam a2200217Ia 4500003000900000008004100009020002200050040001600072080002500088111013600113245025400249260005000503300002300553650003500576700003200611700003500643700004200678942000700720999001700727952015500744IN-BaIIA211028s9999 xx 000 0 eng d a978-0-7354-0672-8 cIIA Library a524.3-74(082.1)bFUT aConference inspired By the Accomplishments of the Far Ultraviolet Spectroscopic Explorer MissioncAnnapolisd2008 Oct. 20-22934274 0aFuture directions in ultraviolet spectroscopybproceedings of the Conference inspired by the accomplishments of the far ultraviolet spectroscopic explorer mission, held in Annapolis, Maryland, 20-22 October, 2008cedited by George Sonneborn..[et.al] aMelvillebAmerican Institute of Physicsc2009 a[various pagings.] aUltraviolet spectroscopy95447 aMoos, H. Warren.,ed.934275 aSonneborn, George., ed.934276 aVan Steenberg, Michael E., ed.934277 cBK c17996d17996 00104070aBANbBANcGENd2011-03-03eSIP g2260.00l1o524.3-74(082.1)/ FUTp18918r2026-03-03s2024-02-15v2260.00w2011-03-03yBKGRs. 2260.00